FC BARCELONA: SQUAD SEASON 2021-22 (LATEST) - Statistics

General Stats
  • This quiz has been taken 141 times
    121 since last reset
  • The average score is 21 of 29
Answer Stats
POSITION NATIONALITY PLAYER % Correct
GK GERMANY MARC ANDRE TER STEGEN
99%
DF URUGUAY RONALD ARAUJO
93%
MF NETHERLANDS FRENKIE DE JONG
91%
FW NETHERLANDS LUUK DE JONG
91%
DF USA SEGINO DEST
91%
DF SPAIN GERARD PIQUE
89%
FW NETHERLANDS MEMPHIS DEPAY
86%
MF SPAIN GAVI
84%
DF SPAIN JORDI ALBA
84%
DF FRANCE SAMUEL UMTITI
84%
FW FRANCE OUSMANE DEMBELE
83%
MF SPAIN PEDRI GONZALEZ
83%
DF BRAZIL DANI ALVES
82%
GK BRAZIL NETO MURARA
82%
FW GABON PIERRE EMERICK AUBAMEYANG
82%
DF FRANCE CLEMENT LENGLET
81%
MF SPAIN SERGIO BUSQUETS
80%
FW SPAIN FERRAN TORRES
75%
GK SPAIN INAKI PENA
66%
MF SPAIN SERGIO ROBERTO
64%
FW SPAIN ANSU FATI
63%
FW DENMARK MARTIN BRAITHWAITE
63%
DF SPAIN ERIC GARCIA
61%
FW MOROCCO / SPAIN EZ ABDE
47%
MF SPAIN NICO GONZALEZ
43%
FW SPAIN ADAMA TRAORE
42%
MF BRAZIL PHILIPPE COUTINHO
39%
MF SPAIN RIQUI PUIG
37%
DF SPAIN OSCAR MINGUEZA
36%
No matching quizzes found
Score Distribution
Percent of People with Each Score
Percentile by Number Answered
Your Score History
You have not taken this quiz since the last reset